00374nam a22001337a 450000500170000000800410001704100120005808200120007010000120008224500390009426000500013330000320018365000250021520240816103612.0240816b |||||||| |||| 00| 0 eng d aEnglish a349 LAW lEnglish aThe Law Reports: Probate Division  aLondon: bWilliam Clowes and Sons Ltd, c1905 bxviii, 342 pages; c25 cm.  aLegal practice bLaw